000 01027nam a22002537a 4500
005 20240528085457.0
008 110825t mx ||||| |||| 00| 0 spa d
020 _a9682408032
050 0 4 _aHM711
_bM35 1980
100 1 _aMaier, Norman R. F.
245 1 0 _aToma de decisiones en grupo
_b : técnicas de conducción de juntas para la solución de problemas en las organizaciones
_c / Norman R. F. Maier ; traducción Ernesto de la Peña ; revisión técnica Jaime de Jesús García Méndez.
250 _a1a ed.
260 _aMéxico :
_bTrillas,
_c1980
300 _a243 p. :
_bil. ;
_c23 cm.
490 0 _aBiblioteca de Ciencias de la Administración
500 _aTraducción de : Problem-solving discussions and conferences
504 _aIncluye bibliografía e índice
650 7 _2lemb
_aDinámica de grupos
650 4 _aSociología organizacional
650 7 _2lemb
_aGrupos sociales
700 1 _aPeña, Ernesto de la,
_etraductor
700 1 _aGarcía Méndez, Jaime de Jesús,
_erevisor
942 _2lcc
_cLIB
999 _c11743
_d11743